Signal book, United States army. (Record no. 92239)

MARC details
000 -LEADER
fixed length control field 00812cam a22002531 4500
001 - CONTROL NUMBER
control field war14000123
003 - CONTROL NUMBER IDENTIFIER
control field DLC
005 - DATE AND TIME OF LATEST TRANSACTION
control field 20260227112810.0
008 - FIXED-LENGTH DATA ELEMENTS--GENERAL INFORMATION
fixed length control field 841016s1914 dcuaf f000 0 eng
010 ## - LIBRARY OF CONGRESS CONTROL NUMBER
LC control number war14000123
035 ## - SYSTEM CONTROL NUMBER
System control number (OCoLC)11269332
040 ## - CATALOGING SOURCE
Original cataloging agency DLC
Transcribing agency TM
Modifying agency DLC
042 ## - AUTHENTICATION CODE
Authentication code premarc
050 00 - LIBRARY OF CONGRESS CALL NUMBER
Classification number UG573
Item number .A65 1914
051 ## - LIBRARY OF CONGRESS COPY, ISSUE, OFFPRINT STATEMENT
Classification number UG573
Item number .A65 1914 Copy 3
Copy information Copy 3.
110 1# - MAIN ENTRY--CORPORATE NAME
Corporate name or jurisdiction name as entry element United States.
Subordinate unit Army.
-- Signal Corps.
245 10 - TITLE STATEMENT
Title Signal book, United States army.
Remainder of title 1914.
260 ## - PUBLICATION, DISTRIBUTION, ETC.
Place of publication, distribution, etc. Washington,
Name of publisher, distributor, etc. Govt. print. off.,
Date of publication, distribution, etc. 1914.
300 ## - PHYSICAL DESCRIPTION
Extent 88 p.
Other physical details illus., 2 col. pl.
Dimensions 16 cm.
500 ## - GENERAL NOTE
General note Cover pockets for notes and memoranda.
500 ## - GENERAL NOTE
General note War dept. doc. no. 464.
610 10 - SUBJECT ADDED ENTRY--CORPORATE NAME
Corporate name or jurisdiction name as entry element United States.
Subordinate unit Army
General subdivision Communication systems.
710 2# - ADDED ENTRY--CORPORATE NAME
Corporate name or jurisdiction name as entry element George Fabyan Collection (Library of Congress)
Institution to which field applies DLC

No items available.

Powered by Koha